1989 Germantown master plan. (Record no. 14558)

000 -LEADER
fixed length control field 00469nam a22001457a 4500
040 ## - CATALOGING SOURCE
Transcribing agency DLC
082 ## - DEWEY DECIMAL CLASSIFICATION NUMBER
Classification number 975 MAR 1989 A103 Or.
245 00 - TITLE STATEMENT
Title 1989 Germantown master plan.
250 ## - EDITION STATEMENT
Edition statement Interim reference ed.
260 ## - PUBLICATION, DISTRIBUTION, ETC. (IMPRINT)
Place of publication Silver Spring, Md. :
Name of publisher Maryland-National Capital Park and Planning Commission,
Year of publication [1989]
300 ## - PHYSICAL DESCRIPTION
Number of Pages 2 v. :
Other physical details ill. ;
Dimensions 28 cm. +
Accompanying material 2 maps.
650 #0 - SUBJECT ADDED ENTRY--TOPICAL TERM
Topical Term City planning
710 2# - ADDED ENTRY--CORPORATE NAME
Corporate name or jurisdiction name as entry element Maryland-National Capital Park and Planning Commission.
942 ## - ADDED ENTRY ELEMENTS (KOHA)
Koha item type សៀវភៅភាសាអង់គ្លេស

No items available.

មជ្ឈមណ្ឌលឯការនៃសាកលវិទ្យាល័យភូមិន្ទកសិកម្មចំការដូង

Powered by Koha